| 000 | 00407nam a2200133Ia 4500 | ||
|---|---|---|---|
| 008 | 170516s9999 xx 000 0 und d | ||
| 245 | 3 | _aAn Innovative Strategy for the Fabrication of Functional Cell Sheets Using an Electroactive Conducting Polymer | |
| 260 | _bTheranostics | ||
| 260 | _c2015 | ||
| 300 | _a5:9 | ||
| 650 | _xMedical Technology | ||
| 650 | _xMedtech | ||
| 856 | _uhttp://www.thno.org/v5i9 | ||
| 999 |
_c329978 _d329978 |
||